[Event "FIDE Grand Swiss"]
[Site "Samarkand UZB"]
[Date "2025.09.08"]
[Round "5.6"]
[White "Nodirbek Abdusattorov"]
[Black "Yagiz Kaan Erdogmus"]
[Result "1/2-1/2"]
[EventDate "2025.09.04"]
[WhiteElo "2771"]
[BlackElo "2642"]
[PlyCount "380"]

1. c4 e6 2. Nc3 d5 3. d4 c5 4. cxd5 exd5 5. Nf3 Nc6 6. g3 Nf6 7. Bg2 cxd4 8. Nxd4 Bc5 9. Nb3 Bb6 10. O-O d4 11. Na4 O-O 12. Qd3 Re8 13. Nxb6 axb6 14. Rd1 Bg4 15. Nxd4 Bxe2 16. Nxe2 Qxd3 17. Rxd3 Rxe2 18. Rd1 h6 19. Bf1 Re5 20. a3 Rd5 21. Be3 Rad8 22. Rdc1 b5 23. b4 Ne4 24. Bg2 f5 25. g4 Re8 26. gxf5 Rxf5 27. Rd1 Nf6 28. Rac1 Ng4 29. Bc5 Nge5 30. Rc3 Nc4 31. h4 Rf4 32. h5 Rg4 33. Kf1 Rg5 34. Bd5+ Kh8 35. Bf7 Ra8 36. Bg6 Rg4 37. Rd5 b6 38. f3 Rg5 39. Rxg5 hxg5 40. Bxb6 N6e5 41. Bd4 Nxg6 42. hxg6 Ra6 43. Kg2 Kg8 44. Rc1 Rd6 45. Bc5 Rd2+ 46. Kg3 Ne5 47. Be3 Rd8 48. Bxg5 Ra8 49. Rc7 Nxg6 50. Bc1 Rf8 51. Bb2 Rf7 52. Rxf7 Kxf7 53. Kg4 Nf8 54. Kf5 Nd7 55. Ke4 Nb6 56. Kd4 Ke6 57. Bc1 Kd6 58. Bf4+ Kc6 59. Be5 g6 60. Bf4 Nd7 61. Bg5 Kd6 62. Bh4 Nb6 63. Bg3+ Kc6 64. Bf4 Nd7 65. Bh6 Kd6 66. Bg5 Nb6 67. Bf6 Nd7 68. Bd8 Nf8 69. Ke4 Nd7 70. Kf4 Ke6 71. Bc7 Nf6 72. Kg5 Kf7 73. Be5 Nd5 74. Bd4 Ne7 75. Kf4 Ke6 76. Ke4 Nd5 77. Be3 Ne7 78. Bg1 Nf5 79. Bh2 Nh4 80. Bf4 Nf5 81. Bc7 Kd7 82. Bb6 Ke6 83. Bc5 Ng3+ 84. Kf4 Nf5 85. Kg5 Kf7 86. Kg4 Kf6 87. Kf4 Ke6 88. Ke4 Ng3+ 89. Ke3 Nf5+ 90. Kf4 Kf6 91. Ke4 Ke6 92. Bf2 Kd6 93. Be1 Ke6 94. Bd2 Kd6 95. Bg5 Ng3+ 96. Kf4 Nf5 97. Bd8 Ke6 98. Ke4 Ng3+ 99. Kf4 Nf5 100. Bb6 Kf6 101. Bg1 Ke6 102. Bh2 Kf6 103. Ke4 Ke6 104. Bf4 Nh4 105. Kd4 g5 106. Be3 Nxf3+ 107. Kc5 g4 108. Kxb5 g3 109. Ka6 Kd5 110. b5 Ke4 111. Bc5 Kd5 112. Be3 Ke4 113. Ba7 Nd4 114. Bxd4 Kxd4 115. b6 g2 116. b7 g1=Q 117. b8=Q Qc1 118. Qd6+ Ke4 119. a4 Qc4+ 120. Ka5 Kf3 121. Qe5 Qc6 122. Kb4 Qb6+ 123. Ka3 Qc6 124. a5 Qc1+ 125. Kb4 Qb1+ 126. Kc5 Qc2+ 127. Kd6 Qa4 128. Qc5 Kg4 129. Kc7 Qf4+ 130. Kc8 Qe4 131. Kb8 Qf4+ 132. Kb7 Qf7+ 133. Ka6 Qf1+ 134. Kb6 Qf6+ 135. Kb5 Kh3 136. Qe3+ Kh2 137. a6 Qf1+ 138. Kb6 Qf6+ 139. Kb7 Qf7+ 140. Kb8 Qg8+ 141. Kc7 Qf7+ 142. Kd6 Qf6+ 143. Qe6 Qd4+ 144. Kc6 Qc3+ 145. Kd7 Qg7+ 146. Qe7 Qg4+ 147. Kc7 Qc4+ 148. Kb7 Qd5+ 149. Kb8 Qg8+ 150. Ka7 Qd5 151. Qb7 Qd4+ 152. Ka8 Kh3 153. Qc8+ Kh4 154. Qc7 Qe4+ 155. Kb8 Qb4+ 156. Kc8 Qg4+ 157. Qd7 Qc4+ 158. Kb7 Qb4+ 159. Ka7 Qc5+ 160. Kb8 Qb6+ 161. Qb7 Qd6+ 162. Ka7 Qd4+ 163. Qb6 Qd7+ 164. Kb8 Qe8+ 165. Kc7 Qf7+ 166. Kc8 Qf5+ 167. Kb7 Qe4+ 168. Qc6 Qb4+ 169. Kc7 Qe7+ 170. Kb6 Qb4+ 171. Qb5 Qd6+ 172. Ka5 Qd8+ 173. Kb4 Qd2+ 174. Ka3 Qc3+ 175. Ka4 Qa1+ 176. Kb4 Qe1+ 177. Kc5 Qe7+ 178. Kb6 Qd8+ 179. Kb7 Qe7+ 180. Kc8 Qe6+ 181. Kc7 Qe7+ 182. Qd7 Qc5+ 183. Qc6 Qe7+ 184. Kb6 Qb4+ 185. Qb5 Qd6+ 186. Ka5 Qd8+ 187. Ka4 Qd1+ 188. Qb3 Qa1+ 189. Kb5 Qe5+ 190. Kb4 1/2-1/2

[Event "Sinquefield Cup"]
[Site "Saint Louis, MO USA"]
[Date "2025.08.18"]
[Round "1.3"]
[White "Nodirbek Abdusattorov"]
[Black "Levon Aronian"]
[Result "0-1"]
[EventDate "2025.08.18"]
[WhiteElo "2771"]
[BlackElo "2737"]
[PlyCount "82"]

1. d4 e6 2. c4 Nf6 3. Nc3 Bb4 4. e3 O-O 5. Ne2 c6 6. a3 Ba5 7. Bd2 d5 8. Ng3 Nbd7 9. cxd5 exd5 10. Bd3 Re8 11. O-O Bc7 12. Qc2 Nf8 13. f3 h5 14. Rae1 h4 15. Nh1 Ne6 16. Nf2 Qd6 17. f4 Bd7 18. Qd1 a5 19. e4 dxe4 20. Nfxe4 Nxe4 21. Nxe4 Qxd4+ 22. Be3 Qd5 23. f5 Nf8 24. Qg4 Nh7 25. Bb1 g6 26. Qxh4 Bxf5 27. Ng5 Nxg5 28. Rxf5 Qd6 29. Qxg5 Rxe3 30. Qxe3 gxf5 31. g3 f4 32. gxf4 Qh6 33. Kh1 Bxf4 34. Qe2 Rd8 35. Ba2 Qh4 36. Rf1 b5 37. a4 Kf8 38. Qc2 bxa4 39. Qc5+ Rd6 40. Qc2 Rf6 41. Rf2 Bxh2 0-1

[Event "Saint Louis Rapid"]
[Site "Saint Louis, MO USA"]
[Date "2025.08.13"]
[Round "7.2"]
[White "Vachier-Lagrave, Maxime"]
[Black "Nodirbek Abdusattorov"]
[Result "1/2-1/2"]
[EventDate "2025.08.11"]
[WhiteElo "2736"]
[BlackElo "2771"]
[PlyCount "62"]

1. e4 c5 2. Nf3 e6 3. d4 cxd4 4. Nxd4 Nc6 5. Nc3 Qc7 6. Qd3 Nf6 7. Ndb5 Qb8 8. Qg3 d6 9. Be3 a6 10. Nd4 h5 11. f3 Ne5 12. a4 Qc7 13. Nb3 Bd7 14. Qf2 Nc4 15. Bxc4 Qxc4 16. a5 Be7 17. O-O-O Rc8 18. Rhe1 e5 19. Kb1 Be6 20. Bg5 O-O 21. Bxf6 Bxf6 22. Rxd6 Be7 23. Rd3 Bc5 24. Nxc5 Rxc5 25. Red1 Qb4 26. Nd5 Qxa5 27. Ra3 Qb5 28. Rb3 Qa5 29. Ra3 Qb5 30. Rb3 Qa5 31. Ra3 Qb5 1/2-1/2

[Event "Saint Louis Rapid"]
[Site "Saint Louis, MO USA"]
[Date "2025.08.13"]
[Round "8.4"]
[White "Sam Shankland"]
[Black "Nodirbek Abdusattorov"]
[Result "1/2-1/2"]
[EventDate "2025.08.11"]
[WhiteElo "2670"]
[BlackElo "2771"]
[PlyCount "114"]

1. d4 d5 2. c4 e6 3. Nc3 Nf6 4. cxd5 exd5 5. Bg5 Bb4 6. e3 h6 7. Bh4 g5 8. Bg3 Ne4 9. Qc2 h5 10. Bd3 h4 11. Be5 f6 12. Bxe4 dxe4 13. d5 Bf5 14. O-O-O Nd7 15. Bd4 Qe7 16. Nge2 a6 17. Kb1 O-O-O 18. Ba7 Ne5 19. Na4 b5 20. Nd4 Bg4 21. f3 bxa4 22. fxg4 Kb7 23. Nf5 Qd7 24. Bd4 Qxd5 25. Qxa4 Qb5 26. Qc2 Rhe8 27. Rc1 Qd3 28. Bxe5 Rxe5 29. Rhd1 Qxc2+ 30. Kxc2 Rc5+ 31. Kb1 Rxc1+ 32. Rxc1 Rd5 33. Rc4 Bd6 34. h3 Rd2 35. Rc2 Rd1+ 36. Rc1 Rd2 37. Rc2 Rd1+ 38. Rc1 Rd3 39. Rc4 Rd1+ 40. Rc1 Rxc1+ 41. Kxc1 Be5 42. Kc2 Kc6 43. Kb3 Kc5 44. Kc2 a5 45. b3 c6 46. Ne7 Kb5 47. Nf5 c5 48. a4+ Kc6 49. Ne7+ Kd6 50. Nf5+ Kd7 51. Kd2 Ke6 52. Kc2 Kd7 53. Kd2 Ke6 54. Kc2 Kd7 55. Kd2 Ke6 56. Kc2 Kd7 57. Kd2 1/2-1/2

[Event "Saint Louis Rapid"]
[Site "Saint Louis, MO USA"]
[Date "2025.08.13"]
[Round "9.1"]
[White "Nodirbek Abdusattorov"]
[Black "Dominguez Perez, Leinier"]
[Result "1-0"]
[EventDate "2025.08.11"]
[WhiteElo "2771"]
[BlackElo "2738"]
[PlyCount "72"]

1. c4 c5 2. g3 g6 3. Bg2 Bg7 4. Nc3 Nc6 5. e3 e6 6. b3 Nge7 7. Ba3 d6 8. Nge2 O-O 9. O-O e5 10. Bb2 Rb8 11. Nd5 Nxd5 12. cxd5 Ne7 13. Rc1 b6 14. d3 h5 15. Qd2 h4 16. e4 Kh7 17. f4 Ng8 18. b4 hxg3 19. hxg3 Qe7 20. Bf3 Nh6 21. Kg2 Bg4 22. Bxg4 Nxg4 23. Rh1+ Kg8 24. f5 Bf6 25. Rcf1 Kg7 26. Kf3 Bg5 27. Nf4 Nh6 28. Rh3 Rh8 29. Rfh1 gxf5 30. Rh5 f6 31. Ne6+ Kg6 32. Qh2 fxe4+ 33. dxe4 Rbf8 34. Ke2 Qd7 35. Nxf8+ Rxf8 36. Rxg5+ 1-0

[Event "Saint Louis Rapid"]
[Site "Saint Louis, MO USA"]
[Date "2025.08.12"]
[Round "6.1"]
[White "Nodirbek Abdusattorov"]
[Black "D Gukesh"]
[Result "1/2-1/2"]
[EventDate "2025.08.11"]
[WhiteElo "2771"]
[BlackElo "2776"]
[PlyCount "118"]

1. d4 Nf6 2. Nf3 d5 3. Bf4 e6 4. e3 c5 5. Nbd2 Bd6 6. dxc5 Bxc5 7. Bd3 O-O 8. O-O Nc6 9. a3 a5 10. e4 Nh5 11. Bg5 f6 12. exd5 exd5 13. Be3 Bxe3 14. fxe3 g6 15. Nb3 Qd6 16. Qd2 Bg4 17. Be2 a4 18. Nbd4 Rad8 19. Rad1 Ng7 20. c4 Kh8 21. Nb5 Qc5 22. cxd5 Nf5 23. Nfd4 Bxe2 24. Qxe2 Rxd5 25. Qf2 Re5 26. Rde1 Kg8 27. Nc3 Nxe3 28. Rxe3 Qxd4 29. Rxe5 fxe5 30. Qxd4 Nxd4 31. Rxf8+ Kxf8 32. Nxa4 Ke7 33. Kf2 Kd6 34. Ke3 Kd5 35. Nc3+ Kc4 36. Ke4 Nc6 37. g4 Kb3 38. Nb5 Kxb2 39. g5 Kb3 40. h4 Ka4 41. Nd6 b5 42. Kd5 Na5 43. Kc5 Nb3+ 44. Kd5 Nd2 45. Kc5 e4 46. Nxb5 e3 47. Nc3+ Kxa3 48. Kd4 Kb3 49. Ne2 Nf1 50. Kd3 Kb4 51. Nf4 Kc5 52. h5 gxh5 53. Nxh5 Kd5 54. Nf6+ Ke5 55. Nxh7 Kf5 56. Ke2 Kg6 57. Kxf1 Kxh7 58. Ke2 Kg6 59. Kxe3 Kxg5 1/2-1/2

[Event "Saint Louis Rapid"]
[Site "Saint Louis, MO USA"]
[Date "2025.08.12"]
[Round "4.3"]
[White "Nodirbek Abdusattorov"]
[Black "Grigoriy Oparin"]
[Result "1-0"]
[EventDate "2025.08.11"]
[WhiteElo "2771"]
[BlackElo "2660"]
[PlyCount "60"]

1. e4 e5 2. Nf3 Nc6 3. g3 g6 4. d4 exd4 5. Nxd4 Nge7 6. Bg2 Bg7 7. Ne2 O-O 8. O-O d6 9. Nbc3 Rb8 10. a4 b6 11. Be3 Bb7 12. h3 Qd7 13. f4 Rbd8 14. Qd2 d5 15. Rad1 d4 16. Bf2 Qc8 17. Nb5 Na5 18. f5 gxf5 19. Nbxd4 c5 20. Qg5 cxd4 21. Qxe7 fxe4 22. Nxd4 Rfe8 23. Nf5 h6 24. Be3 Rxd1 25. Rxd1 Bc6 26. Rf1 Qe6 27. Qh4 Nc4 28. Nxg7 Kxg7 29. Bxh6+ Kg8 30. Rf6 1-0

[Event "Saint Louis Rapid"]
[Site "Saint Louis, MO USA"]
[Date "2025.08.12"]
[Round "5.5"]
[White "Quang Liem Le"]
[Black "Nodirbek Abdusattorov"]
[Result "1/2-1/2"]
[EventDate "2025.08.11"]
[WhiteElo "2729"]
[BlackElo "2771"]
[PlyCount "96"]

1. d4 d5 2. Nf3 Nf6 3. c4 c6 4. e3 Bf5 5. Nc3 e6 6. Nh4 Bg6 7. Be2 Nbd7 8. O-O Bd6 9. g3 O-O 10. Nxg6 hxg6 11. Qc2 Qe7 12. Rd1 a6 13. Bd2 Rac8 14. Rac1 Rfe8 15. Be1 g5 16. a3 dxc4 17. Bxc4 c5 18. Bf1 cxd4 19. exd4 b5 20. Bd2 g4 21. Bg5 Qf8 22. Bg2 Rc7 23. Qe2 Rec8 24. Na2 Be7 25. a4 bxa4 26. Qxa6 a3 27. bxa3 Bxa3 28. Rxc7 Rxc7 29. Qd3 Bb2 30. Nc1 Bxc1 31. Bxc1 Qb4 32. Bf4 Rc8 33. Bg5 Qc4 34. Qxc4 Rxc4 35. d5 Nxd5 36. Bxd5 exd5 37. Rxd5 Nf8 38. Kg2 f6 39. Be3 Ng6 40. Rd4 Rxd4 41. Bxd4 Kf7 42. h3 f5 43. hxg4 fxg4 44. f3 gxf3+ 45. Kxf3 Ne7 46. Bxg7 Nf5 47. Be5 Nxg3 48. Bxg3 1/2-1/2

[Event "Saint Louis Rapid"]
[Site "Saint Louis, MO USA"]
[Date "2025.08.11"]
[Round "1.2"]
[White "Wesley So"]
[Black "Nodirbek Abdusattorov"]
[Result "1/2-1/2"]
[EventDate "2025.08.11"]
[WhiteElo "2745"]
[BlackElo "2771"]
[PlyCount "200"]

1. e4 e5 2. Nf3 Nc6 3. Bc4 Nf6 4. d3 Bc5 5. c3 a6 6. O-O Ba7 7. a4 d6 8. Re1 O-O 9. h3 Be6 10. Bxe6 fxe6 11. b4 Nh5 12. Ra2 Qf6 13. Be3 Nf4 14. Kh2 Ne7 15. Bxa7 Rxa7 16. Re3 d5 17. d4 exd4 18. Qxd4 Raa8 19. Qxf6 Rxf6 20. exd5 Nexd5 21. Re4 a5 22. Ne5 axb4 23. cxb4 Rf5 24. b5 b6 25. g3 Nf6 26. Re1 Ng6 27. Nxg6 hxg6 28. Nc3 Rc5 29. Ne4 Nxe4 30. Rxe4 Rxb5 31. Rc2 Rf5 32. Kg2 c5 33. Rb2 Ra6 34. Rxe6 Rf6 35. Re4 g5 36. Rd2 Ra7 37. Rd5 Raf7 38. Re2 Ra7 39. Ra2 Rg6 40. Kf3 Kh7 41. Ke3 g4 42. h4 Rf6 43. Ke2 Re6+ 44. Kd3 Rf7 45. Kc4 Re4+ 46. Kc3 Rb4 47. Kd3 Rf3+ 48. Ke2 Re4+ 49. Kf1 Rb3 50. Kg2 c4 51. a5 bxa5 52. Raxa5 Rb6 53. Rac5 Rf6 54. Rd2 Rb6 55. Rh5+ Rh6 56. Rc5 Rb6 57. Rc2 Rb4 58. Rc6 Rd4 59. Rc7 Kh6 60. Re2 Rb6 61. Ree7 Rg6 62. Re8 Kh7 63. Rcc8 Rgd6 64. h5 Kh6 65. Rh8+ Kg5 66. Rh7 Rd7 67. Rg8 R4d6 68. Rc8 Rd4 69. Rc5+ R7d5 70. Rxg7+ Kxh5 71. Rcc7 Rg5 72. Rgf7 Kg6 73. Rf8 Re5 74. Rc6+ Kg5 75. Rg8+ Kf5 76. Rcg6 Ree4 77. Rg5+ Kf6 78. R8g6+ Kf7 79. Rg7+ Kf6 80. R7g6+ Kf7 81. Rc6 Re6 82. Rc7+ Re7 83. Rc8 Re8 84. Rcc5 Re6 85. Rh5 Rf6 86. Rc7+ Kg6 87. Rhh7 c3 88. Rhg7+ Kh6 89. Rh7+ Kg6 90. Rh4 Rd2 91. Rxg4+ Kh6 92. Rh4+ Kg6 93. Rg4+ Kh6 94. Rh4+ Kg6 95. Kh3 Rfxf2 96. Rc6+ Kg5 97. Rc5+ Kg6 98. Rc6+ Kg5 99. Rc5+ Kg6 100. Rc6+ Kg5 1/2-1/2

[Event "Saint Louis Rapid"]
[Site "Saint Louis, MO USA"]
[Date "2025.08.11"]
[Round "2.3"]
[White "Nodirbek Abdusattorov"]
[Black "Fabiano Caruana"]
[Result "0-1"]
[EventDate "2025.08.11"]
[WhiteElo "2771"]
[BlackElo "2784"]
[PlyCount "120"]

1. d4 d5 2. Nf3 e6 3. e3 Nf6 4. Bd3 b6 5. O-O Bb7 6. b3 Be7 7. Bb2 O-O 8. Qe2 a5 9. Nc3 Nbd7 10. Na4 Bd6 11. c4 Qe7 12. Ne5 dxc4 13. Nxc4 e5 14. Nxd6 Qxd6 15. Nc3 exd4 16. Nb5 Qc6 17. e4 Nxe4 18. Nxd4 Qd5 19. Bc4 Qg5 20. f4 Qg6 21. f5 Qg5 22. Rad1 Nd6 23. Nb5 Nxc4 24. bxc4 Rae8 25. Qd2 Qxd2 26. Rxd2 Nc5 27. Nxc7 Re4 28. f6 g5 29. Rfd1 h6 30. Bd4 Ne6 31. Nb5 Nxd4 32. Rxd4 Re2 33. R1d2 Rxd2 34. Rxd2 Bc8 35. Nd6 Rd8 36. Kf2 Be6 37. Ke3 Kh7 38. Ke4 Rd7 39. a4 Kg6 40. Ke5 Rc7 41. Rb2 Rc5+ 42. Kd4 Rc6 43. Ke5 Bxc4 44. Nxc4 Rxc4 45. Rxb6 Rc2 46. g4 Rxh2 47. Ra6 Re2+ 48. Kd5 Rg2 49. Ke5 Rxg4 50. Ra8 Rb4 51. Rg8+ Kh5 52. Rg7 Rb7 53. Rh7 Rd7 54. Rh8 g4 55. Rh7 Kg5 56. Rg7+ Kh4 57. Kf4 h5 58. Rh7 g3 59. Kf3 Rd3+ 60. Ke4 g2 0-1

[Event "Saint Louis Rapid"]
[Site "Saint Louis, MO USA"]
[Date "2025.08.11"]
[Round "3.4"]
[White "Levon Aronian"]
[Black "Nodirbek Abdusattorov"]
[Result "1-0"]
[EventDate "2025.08.11"]
[WhiteElo "2737"]
[BlackElo "2771"]
[PlyCount "106"]

1. e4 e5 2. Nf3 Nc6 3. d4 exd4 4. Nxd4 Bc5 5. Nxc6 Qf6 6. Qf3 Qxf3 7. gxf3 bxc6 8. Nc3 Ne7 9. Na4 Bd4 10. Be3 Bxe3 11. fxe3 d6 12. O-O-O Be6 13. Rg1 g6 14. Rg2 f6 15. Rgd2 Kf7 16. c4 f5 17. e5 dxe5 18. Nc5 a5 19. b3 Rhe8 20. e4 Ng8 21. Bh3 Nf6 22. Re1 Bc8 23. Kb2 f4 24. Bxc8 Raxc8 25. Rg1 Rcd8 26. Rdg2 Rd4 27. h4 Nd7 28. Nxd7 Rxd7 29. h5 Rg8 30. Rg5 Kf6 31. hxg6 hxg6 32. Kc3 c5 33. R5g2 Rh7 34. Kb2 Rh3 35. Rf1 g5 36. Ka3 g4 37. fxg4 Kg5 38. Rd2 f3 39. Rd7 Kf4 40. Rxc7 Re8 41. g5 Ke3 42. g6 Ke2 43. Rc1 f2 44. Rf7 Rh2 45. Rc2+ Ke1 46. Ka4 Rg8 47. g7 Rg2 48. Kxa5 Kf1 49. Kb5 Kg1 50. Rc1+ Kh2 51. Rf1 Kg3 52. Kxc5 Rh2 53. a4 1-0

[Event "Sharjah Masters"]
[Site "Sharjah UAE"]
[Date "2025.05.25"]
[Round "9.1"]
[White "M Amin Tabatabaei"]
[Black "Nodirbek Abdusattorov"]
[Result "1/2-1/2"]
[EventDate "2025.05.17"]
[WhiteElo "2670"]
[BlackElo "2771"]
[PlyCount "70"]

1. e4 c5 2. Nc3 Nc6 3. Nf3 g6 4. d4 cxd4 5. Nxd4 Bg7 6. Be3 Nf6 7. Bc4 O-O 8. Bb3 Re8 9. h3 d6 10. a4 Na5 11. Ba2 a6 12. O-O Qc7 13. Qd3 e5 14. Nde2 Nc6 15. Bg5 Nb4 16. Qf3 Nh5 17. Nd5 Nxd5 18. Bxd5 Be6 19. Nc3 Nf4 20. Bxe6 fxe6 21. Bxf4 exf4 22. Qxf4 Qb6 23. Nd1 Rac8 24. c3 d5 25. a5 Qc5 26. exd5 exd5 27. Ne3 d4 28. cxd4 Qxd4 29. Qxd4 Bxd4 30. Rad1 Re4 31. Rd3 Bxb2 32. Rb3 Be5 33. Rxb7 Rc5 34. Ng4 Rxa5 35. Nxe5 1/2-1/2

[Event "Sharjah Masters"]
[Site "Sharjah UAE"]
[Date "2025.05.24"]
[Round "8.5"]
[White "Nodirbek Abdusattorov"]
[Black "AR Saleh Salem"]
[Result "1-0"]
[EventDate "2025.05.17"]
[WhiteElo "2771"]
[BlackElo "2631"]
[PlyCount "146"]

1. d4 Nf6 2. Nc3 d5 3. Bf4 e6 4. Nb5 Na6 5. e3 Be7 6. h3 O-O 7. Nf3 c6 8. Nc3 Qb6 9. Qc1 Bd7 10. Be2 c5 11. a4 Rfc8 12. Nb1 Bd6 13. a5 Qb4+ 14. c3 cxd4 15. Bxd6 Qxd6 16. exd4 Nc7 17. O-O Bb5 18. Qe3 Bxe2 19. Qxe2 Qa6 20. Qxa6 Nxa6 21. Nbd2 Ne8 22. Ne5 Nd6 23. Rfe1 Rc7 24. g4 Nb8 25. Nd3 Nd7 26. Kg2 g6 27. h4 Kg7 28. Rh1 h6 29. h5 g5 30. Rhe1 Rb8 31. f3 Kg8 32. Kg3 Kh7 33. Nf1 Kg7 34. Ne3 Rbc8 35. Nc2 Kf8 36. Ncb4 Kg7 37. Re2 Kh7 38. Rf1 Rg8 39. Ra1 Rgc8 40. Kf2 Kg7 41. Ke1 Kf8 42. Kd1 Nb5 43. Kd2 Nd6 44. a6 b6 45. Ke1 Kg7 46. Kf2 Kg8 47. Kg2 Kh7 48. Rf1 Rg8 49. Kh3 Kh8 50. f4 gxf4 51. Rxf4 Ne4 52. Kh4 f5 53. Nf2 Nxf2 54. Rxe6 Nxg4 55. Nxd5 Rcc8 56. Rxf5 Rcf8 57. Rxf8 Nxf8 58. Rd6 Rg7 59. Rd8 Kg8 60. Nf4 Nf6 61. Ng6 Rf7 62. Ra8 Nh7 63. d5 Kg7 64. Ne5 Re7 65. Nc6 Re3 66. Rxa7+ Kf6 67. Re7 Rf3 68. a7 Ng5 69. a8=Q Ng6+ 70. Kg4 Rf4+ 71. Kg3 Rf3+ 72. Kg4 Nf8 73. Qa7 1-0

[Event "Sharjah Masters"]
[Site "Sharjah UAE"]
[Date "2025.05.23"]
[Round "7.1"]
[White "Anish Giri"]
[Black "Nodirbek Abdusattorov"]
[Result "1/2-1/2"]
[EventDate "2025.05.17"]
[WhiteElo "2738"]
[BlackElo "2771"]
[PlyCount "58"]

1. d4 d5 2. c4 e6 3. Nf3 Nf6 4. g3 dxc4 5. Bg2 Nc6 6. Qa4 Bb4+ 7. Bd2 Nd5 8. Bxb4 Nxb4 9. O-O Rb8 10. Nc3 a6 11. Ne5 O-O 12. Bxc6 Nxc6 13. Nxc6 bxc6 14. Qxc4 Qd6 15. b3 Rb4 16. Ne4 Rxc4 17. Nxd6 Rxd4 18. Nc4 e5 19. Nxe5 Re4 20. Nxc6 Rxe2 21. Rfe1 Rfe8 22. Rxe2 Rxe2 23. Rd1 Kf8 24. Kf1 Re8 25. f3 Bb7 26. Rc1 Re3 27. Kf2 Rd3 28. Ke2 Rd5 29. Nb4 1/2-1/2

[Event "Sharjah Masters"]
[Site "Sharjah UAE"]
[Date "2025.05.22"]
[Round "6.3"]
[White "Nodirbek Abdusattorov"]
[Black "Pa Iniyan"]
[Result "1-0"]
[EventDate "2025.05.17"]
[WhiteElo "2771"]
[BlackElo "2573"]
[PlyCount "90"]

1. c4 e5 2. g3 Nf6 3. Bg2 d5 4. cxd5 Nxd5 5. Nc3 Nb6 6. Nf3 Nc6 7. O-O Be7 8. b3 Bf5 9. Bb2 Qd7 10. a4 e4 11. Ne1 Bf6 12. d3 O-O-O 13. dxe4 Qxd1 14. Nxd1 Bxb2 15. Nxb2 Be6 16. a5 Nd7 17. Ned3 Nd4 18. b4 Nxe2+ 19. Kh1 h5 20. h4 f6 21. Rae1 Nd4 22. f4 Rhe8 23. Rf2 Bg4 24. Kh2 Nb8 25. Rc1 Na6 26. e5 c6 27. Be4 Kb8 28. Rb1 Nb5 29. Bg6 Re7 30. Nc4 Be6 31. Ne3 Bf7 32. Bh7 g6 33. f5 Rxd3 34. fxg6 Rxe3 35. exf6 Rd7 36. gxf7 Rxf7 37. Bg6 Rf8 38. Bxh5 Re6 39. f7 Nc3 40. Rbf1 Nd5 41. g4 Naxb4 42. g5 Re4 43. Kg3 Nd3 44. g6 Nxf2 45. g7 1-0

[Event "Sharjah Masters"]
[Site "Sharjah UAE"]
[Date "2025.05.21"]
[Round "5.2"]
[White "Adam Kozak"]
[Black "Nodirbek Abdusattorov"]
[Result "1/2-1/2"]
[EventDate "2025.05.17"]
[WhiteElo "2578"]
[BlackElo "2771"]
[PlyCount "36"]

1. d4 Nf6 2. c4 e6 3. Nc3 d5 4. cxd5 exd5 5. Bg5 c6 6. e3 Bd6 7. Bd3 O-O 8. Nf3 h6 9. Bh4 Be6 10. Qb3 b6 11. O-O Nbd7 12. Qc2 c5 13. e4 c4 14. e5 cxd3 15. Qxd3 Be7 16. exf6 Bxf6 17. Bxf6 Nxf6 18. Ne5 1/2-1/2

[Event "Sharjah Masters"]
[Site "Sharjah UAE"]
[Date "2025.05.20"]
[Round "4.6"]
[White "Nodirbek Abdusattorov"]
[Black "Ortik Nigmatov"]
[Result "1-0"]
[EventDate "2025.05.17"]
[WhiteElo "2771"]
[BlackElo "2457"]
[PlyCount "60"]

1. e4 c5 2. Nf3 e6 3. d4 cxd4 4. Nxd4 Nf6 5. Bd3 Nc6 6. Nf3 d5 7. exd5 exd5 8. O-O Be7 9. Nc3 O-O 10. h3 a6 11. Bg5 h6 12. Bh4 Be6 13. Re1 Qb6 14. a3 Rad8 15. b4 Qc7 16. Ne2 Nh5 17. Bxe7 Qxe7 18. c3 Qf6 19. Bc2 Rfe8 20. Ned4 Nxd4 21. Nxd4 Nf4 22. Qf3 Qg5 23. h4 Qxh4 24. g3 Nh3+ 25. Kh2 Qg4 26. Rxe6 Qxf3 27. Rxe8+ Rxe8 28. Nxf3 Nxf2 29. Re1 Rc8 30. Bf5 1-0

[Event "Sharjah Masters"]
[Site "Sharjah UAE"]
[Date "2025.05.19"]
[Round "3.18"]
[White "Jakhongir Vakhidov"]
[Black "Nodirbek Abdusattorov"]
[Result "0-1"]
[EventDate "2025.05.17"]
[WhiteElo "2546"]
[BlackElo "2771"]
[PlyCount "112"]

1. c4 c5 2. Nf3 Nc6 3. Nc3 g6 4. e3 Nf6 5. d4 cxd4 6. exd4 d5 7. cxd5 Nxd5 8. Qb3 e6 9. Bb5 Bg7 10. Bxc6+ bxc6 11. O-O O-O 12. Re1 Ba6 13. Nxd5 cxd5 14. Bf4 Qb6 15. Qa3 Rfc8 16. Bd6 Bd3 17. Bc5 Qb5 18. Rac1 Be4 19. Ne5 h5 20. Rc3 Rc7 21. f3 Bf5 22. Rb3 Qe8 23. Qa5 Qd8 24. Rc3 Bh6 25. Re2 Rac8 26. b4 Bg7 27. Re1 Qg5 28. Qa3 f6 29. Nd3 e5 30. Qb3 Kh7 31. Qd1 h4 32. Nf2 Rd7 33. Rce3 Re8 34. a4 Qf4 35. Nd3 Bxd3 36. Qxd3 f5 37. Qb5 Rdd8 38. Qf1 e4 39. Qf2 Rc8 40. fxe4 Qxf2+ 41. Kxf2 dxe4 42. g4 Red8 43. gxf5 gxf5 44. Rh3 Bxd4+ 45. Bxd4 Rxd4 46. Rxh4+ Kg6 47. Ke3 Rxb4 48. Kf4 e3+ 49. Kg3 Rxh4 50. Kxh4 Rc4+ 51. Kh3 f4 52. Kg4 Rxa4 53. h4 a5 54. h5+ Kh6 55. Rc1 Re4 56. Kf3 Re6 0-1

[Event "Sharjah Masters"]
[Site "Sharjah UAE"]
[Date "2025.05.18"]
[Round "2.12"]
[White "Nodirbek Abdusattorov"]
[Black "Mittal Aditya"]
[Result "1/2-1/2"]
[EventDate "2025.05.17"]
[WhiteElo "2771"]
[BlackElo "2547"]
[PlyCount "80"]

1. e4 c5 2. Nf3 d6 3. d4 cxd4 4. Nxd4 Nf6 5. Nc3 e5 6. Bb5+ Nbd7 7. Nde2 Be7 8. Bg5 O-O 9. Bxd7 Nxd7 10. Bxe7 Qxe7 11. Nd5 Qd8 12. Qd2 Nb6 13. Ne3 f5 14. exf5 Bxf5 15. Rd1 Rc8 16. O-O d5 17. c3 Be6 18. f4 Qd6 19. fxe5 Qxe5 20. Nd4 Rf7 21. Rf3 Rxf3 22. Re1 Rf1+ 23. Rxf1 Re8 24. b3 h6 25. Rf3 Bf7 26. Rg3 Kh7 27. a4 Bg6 28. Qd1 Qf4 29. Qf3 Qxf3 30. Rxf3 Be4 31. Rf4 Kg6 32. h4 h5 33. Rf2 Bd3 34. Nef5 Nd7 35. Nd6 Re1+ 36. Kh2 Nf6 37. Rd2 Re3 38. Nf3 Be2 39. Ng1 Ng4+ 40. Kh1 Nf2+ 1/2-1/2

[Event "Sharjah Masters"]
[Site "Sharjah UAE"]
[Date "2025.05.17"]
[Round "1.1"]
[White "SP Sethuraman"]
[Black "Nodirbek Abdusattorov"]
[Result "1/2-1/2"]
[EventDate "2025.05.17"]
[WhiteElo "2552"]
[BlackElo "2771"]
[PlyCount "118"]

1. e4 c5 2. Nf3 d6 3. Bb5+ Nd7 4. O-O a6 5. Bd3 e6 6. c3 Ne7 7. Bc2 Ng6 8. d4 Be7 9. Re1 O-O 10. Nbd2 b6 11. Nf1 Bb7 12. Ng3 Rc8 13. Be3 Nf6 14. Bd3 Rc7 15. Bg5 Kh8 16. a4 Ng8 17. Bd2 Qa8 18. Qe2 Bd8 19. Ng5 Bxg5 20. Bxg5 f6 21. Bd2 N8e7 22. Qh5 a5 23. f4 cxd4 24. cxd4 e5 25. f5 Nf4 26. Bxf4 exf4 27. Ne2 g6 28. Qh6 gxf5 29. Nxf4 fxe4 30. Ne6 Ng8 31. Nxc7 Nxh6 32. Nxa8 exd3 33. Nxb6 Nf5 34. Rad1 Ba6 35. Nd5 Nxd4 36. Nc7 Bc4 37. Re4 Ne2+ 38. Kf2 Bf7 39. Re7 Nf4 40. Re4 Ne2 41. Rd2 Bg6 42. Re7 Rc8 43. h4 Nc1 44. g4 Nb3 45. Rd1 d2 46. Ke3 Bc2 47. Rxd2 Nxd2 48. Kxd2 Bxa4 49. Nd5 Rf8 50. Ra7 Bb3 51. Rxa5 Kg7 52. Ne3 Rb8 53. Kc3 Be6 54. b4 Rc8+ 55. Kd4 Rb8 56. Kc3 Rc8+ 57. Kd4 Rb8 58. b5 Kg6 59. h5+ 1/2-1/2

[Event "World Blitz Championship"]
[Site "New York, NY USA"]
[Date "2024.12.30"]
[Round "1.19"]
[White "David Brodsky"]
[Black "Nodirbek Abdusattorov"]
[Result "1-0"]
[EventDate "2024.12.30"]
[WhiteElo "2482"]
[BlackElo "2707"]
[PlyCount "78"]

1. e4 c5 2. Nf3 Nc6 3. d4 cxd4 4. Nxd4 e5 5. Nb5 d6 6. N1c3 a6 7. Na3 Be6 8. Nc4 Rb8 9. Be3 b5 10. Nd2 Nf6 11. a4 b4 12. Nd5 Bxd5 13. exd5 Nxd5 14. Qf3 Nde7 15. Bxa6 d5 16. Bb5 Qd6 17. O-O g6 18. Nb3 Bg7 19. Bc5 Qe6 20. Rad1 e4 21. Qg3 Be5 22. f4 Bd6 23. f5 Bxc5+ 24. Nxc5 Qc8 25. f6 Rxb5 26. axb5 Nd4 27. Rxd4 Qxc5 28. Qe5 O-O 29. fxe7 Re8 30. Qxd5 Qxe7 31. Qd7 Qf8 32. Qd6 Qg7 33. b6 e3 34. b7 e2 35. Re1 Qh6 36. b8=Q Qe3+ 37. Kh1 Rxb8 38. Qxb8+ Kg7 39. Qf4 1-0

[Event "World Blitz Championship"]
[Site "New York, NY USA"]
[Date "2024.12.30"]
[Round "2.59"]
[White "Nodirbek Abdusattorov"]
[Black "Sandipan Chanda"]
[Result "1-0"]
[EventDate "2024.12.30"]
[WhiteElo "2777"]
[BlackElo "2480"]
[PlyCount "86"]

1. e4 c5 2. Nf3 d6 3. Bb5+ Bd7 4. Bxd7+ Qxd7 5. c4 e5 6. Nc3 Nc6 7. d3 Be7 8. O-O Bd8 9. a3 Nge7 10. Rb1 O-O 11. b4 b6 12. bxc5 dxc5 13. Nd5 Bc7 14. Bb2 Nxd5 15. cxd5 Nd4 16. Bxd4 exd4 17. Re1 h6 18. a4 Rad8 19. Qb3 Kh8 20. Qb5 Qd6 21. Rb2 g5 22. g3 f5 23. Nd2 f4 24. Nc4 Qg6 25. Qc6 Qxc6 26. dxc6 Rf6 27. e5 Re6 28. gxf4 gxf4 29. Kg2 Rde8 30. Kf3 Rxc6 31. Kxf4 Rg6 32. Ke4 h5 33. f4 h4 34. f5 Rg4+ 35. Kd5 Rf4 36. Kc6 Bb8 37. Kd7 Rg8 38. e6 Rxf5 39. e7 Rf7 40. Re4 Rh7 41. Rf2 h3 42. Kc6 Rh6+ 43. Kb5 1-0